| 000 | 01565nam0a22003251 4500 | ||
|---|---|---|---|
| 001 | RU\NLR\INFOCOMM_17\5000670854 | ||
| 005 | 20250613095452.0 | ||
| 035 | _a(NLR Aleph) 009295669 | ||
| 090 |
_a9247600 _c9247600 |
||
| 100 | _a20101007d1988 |||y0rusy50 ca | ||
| 101 | 0 |
_aeng _darm _drus |
|
| 102 |
_aRU _aAM |
||
| 105 | _aa ||||000|y | ||
| 200 | 1 |
_aExperimental study of shadowing in the electrofission of ²³⁸U nuclei at E_ν=1-3.5 GeV and low Q² _fE. A. Arakelian, A. R. Raghdassarian, H. L. Bayatian et al. _g[Пер. Г. А. Папяна] |
|
| 210 |
_a[М.] _aЕреван _cЦНИИатоминформ _cЕрев. физ. ин-т _d1988 |
||
| 215 |
_a18 с. _cил. _d20 см |
||
| 225 | 1 |
_aPreprint _fYerevan physics inst. _vYERPHI-1103(66)-88 |
|
| 300 | _aПеред вып. дан.: Экспериментальное изучение экранирования в процессе электроделения ядра ²³⁸U при E_ν=1-3.5 ГЭВ и малых Q² / Е. А. Аракелян и др. | ||
| 300 | _aНадзаг. также на рус. и арм. яз. | ||
| 300 | _aРез. на рус. и арм. яз. | ||
| 320 | _aБиблиогр.: с. 16-18 | ||
| 606 |
_aУран _xАтомное ядро _xЯдерные реакции, вызываемые электронами _2nlr_sh1 |
||
| 686 |
_aВ383.57 _2rubbk |
||
| 701 | 1 |
_9z02790 _aArakeljan _bE. A. _4070 |
|
| 790 | 1 |
_9z02701 _aArakelian _bE. A. _4070 |
|
| 801 | 1 |
_aRU _bNLR _c20101007 |
|
| 801 | 0 |
_aRU _bNLR _gPSBO |
|
| 852 |
_aNLR _jФз01 Д-4/5304 |
||
| 942 | _cBOOK | ||
| 980 | _aNB | ||